000 00471nam a2200157Ia 4500
003 Ost
005 20260225132556.0
008 260225s9999||||xx |||||||||||||| ||und||
040 _cfsic
041 _afre
082 _a440
100 _aEl Hadji Dialigué Bâ
_eAuteur
245 0 _aLa Réglementation de la filière du charbon de bois à l'épreuve de la décentralisation :
245 0 _bentre discours, lois et pratiques /
_cEl Hadji Dialigué Bâ
942 _cكتاب
999 _c34472
_d34472